01198nab a22002177a 4500003000400000005001700004008004100021040000700062100001900069245010000088260007300188300001300261500003600274505035100310505008100661650001800742650002300760650003400783650001400817773014900831OSt20260213120958.0190429b xxu||||| |||| 00| 0 spa d cPJ aSantini, Bruno13aEl ecocidio como quinto crimen internacional y su relación con el genocidio /cBruno Santini. cCiudad Autónoma de Buenos Aires :aThomson Reuters La Ley, b2024. ap. 61-80 aCita: TR LALEY AR/DOC/743/2023. aSumario: I. Introducción.— II. Desarrollo en medio de la tergiversación de los ideales iluministas.— III. La primera línea de la crisis climática la componen los sectores más vulnerables.— IV. Puntos de contacto entre el ecocidio y el crimen de genocidio.— V. Un ejemplo ilustrativo.— VI. Conclusión.— VII. Bibliografía. tSi te interesa el texto completo, solicitalo a koha@justierradelfuego.gov.ar 0aDERECHO PENAL 0aCAMBIO CLIMÁTICO 0aDERECHO INTERNACIONAL PUBLICO 0aGENOCIDIO0 02658tRevista de derecho penal y criminología. Nº 7 - Junio 2024dCiudad Autónoma de Buenos Aires : Thomson Reuters La Ley, 2017-x00347914